Trajes regionales de Suecia (Record no. 516)

MARC details
000 -CABECERA
campo de control de longitud fija 00628nam a2200205 a 4500
001 - NÚMERO DE CONTROL
campo de control BRCA_588
005 - FECHA Y HORA DE LA ÚLTIMA TRANSACCIÓN
campo de control 20190320203056.0
008 - DATOS DE LONGITUD FIJA--INFORMACIÓN GENERAL
campo de control de longitud fija 140408s2001-------a---###---#000-0#spa-#
020 ## - NÚMERO INTERNACIONAL ESTÁNDAR DEL LIBRO
Número Internacional Estándar del Libro 9152007359
050 #4 - SIGNATURA TOPOGRÁFICA DE LA BIBLIOTECA DEL CONGRESO
Número de clasificación NK4761
Número de documento/Ítem .T73 2001
245 10 - MENCIÓN DE TÍTULO
Título Trajes regionales de Suecia
Mención de responsabilidad, etc. texto Ingrid Bergman : foto Anja Notini.
260 ## - PUBLICACIÓN, DISTRIBUCIÓN, ETC.
Lugar de publicación, distribución, etc. Suecia
Nombre del editor, distribuidor, etc. Ingrid Bergman : Instituto Sueco
Fecha de publicación, distribución, etc. 2001
300 ## - DESCRIPCIÓN FÍSICA
Extensión 34 p.
Otras características físicas il. a color
Dimensiones 23 cm.
650 14 - PUNTO DE ACCESO ADICIONAL DE MATERIA--TÉRMINO DE MATERIA
Término de materia o nombre geográfico como elemento de entrada Trajes típicos
Subdivisión geográfica Suecia
9 (RLIN) 2024
650 14 - PUNTO DE ACCESO ADICIONAL DE MATERIA--TÉRMINO DE MATERIA
Término de materia o nombre geográfico como elemento de entrada Vestido tradicional
Subdivisión geográfica Suecia
9 (RLIN) 2025
653 0# - TÉRMINO DE INDIZACIÓN--NO CONTROLADO
Término no controlado Indumentaria
700 1# - PUNTO DE ACCESO ADICIONAL--NOMBRE DE PERSONA
Nombre de persona Bergman, Ingrid
9 (RLIN) 2026
700 1# - PUNTO DE ACCESO ADICIONAL--NOMBRE DE PERSONA
Nombre de persona Notini, Anja
9 (RLIN) 2027
942 ## - ELEMENTOS DE PUNTO DE ACCESO ADICIONAL (KOHA)
Fuente del sistema de clasificación o colocación Library of Congress Classification
Tipo de ítem Koha Libros
Holdings
Estado de retiro Estado de pérdida Estado dañado No para préstamo Localización permanente Ubicación/localización actual Fecha de adquisición Total de préstamos Signatura topográfica completa Código de barras Fecha visto por última vez Precio válido a partir de Tipo de ítem Koha
El ejemplar forma parte de la colección y puede ser consultado según las políticas vigentes.       Biblioteca del Museo Franz Mayer (Rogerio Casas-Alatriste) Biblioteca del Museo Franz Mayer (Rogerio Casas-Alatriste) 25/06/2008   NK4761 .T73 2001 00904 22/03/2019 22/03/2019 Libros